|
|
|
|
| LEADER |
00000nam0a2200000 4500 |
| 001 |
371668 |
| 005 |
20260202163129.0 |
| 035 |
|
|
|a (RuTPU)RU\TPU\retro\29078
|
| 090 |
|
|
|a 371668
|
| 100 |
|
|
|a 20221102d1979 m y0rusy50 ca
|
| 101 |
0 |
|
|a rus
|
| 102 |
|
|
|a RU
|
| 105 |
|
|
|a a z 011zy
|
| 200 |
1 |
|
|a Герои Шипки
|e сборник
|f сост. О. Михайлов
|
| 210 |
|
|
|a Москва
|c Молодая гвардия
|d 1979
|
| 215 |
|
|
|a 480 с.
|c ил.
|
| 225 |
1 |
|
|a Жизнь замечательных людей. Серия биографий
|v Вып. 2
|
| 300 |
|
|
|a 100-летию освобождения Болгарии от османского ига посвящается
|
| 320 |
|
|
|a Хроника русско-турецкой войны 1877-1878 годов: с. 477-478
|
| 606 |
|
|
|a Русско-турецкая война 1877-1879
|2 stltpush
|3 (RuTPU)RU\TPU\subj\65457
|9 81973
|
| 610 |
1 |
|
|a Болгария
|
| 610 |
1 |
|
|a освобождение
|
| 610 |
1 |
|
|a турецкое иго
|
| 610 |
1 |
|
|a русский народ
|
| 610 |
1 |
|
|a братская помощь
|
| 686 |
|
|
|a Т3(2)522
|2 rubbk
|
| 702 |
|
1 |
|a Михайлов
|b О.
|4 220
|
| 801 |
|
1 |
|a RU
|b 63413507
|c 20221102
|
| 801 |
|
2 |
|a RU
|b 63413507
|c 20221102
|g RCR
|
| 942 |
|
|
|c BK
|